000 01431nam a2200349Ia 4500
001 ebr5004969
003 CaPaEBR
006 m u
007 cr cn|||||||||
008 010514s2001 ne a sb 001 0 eng d
010 _z 2001035806
020 _z1588110761 (pbk. : alk paper)
020 _z9027251525 (Amsterdam : pbk.)
040 _aCaPaEBR
_cCaPaEBR
035 _a(OCoLC)70753412
050 1 4 _aQP376
_b.V545 2001eb
082 0 4 _a612.8/01/1
_221
100 1 _aVitiello, Giuseppe.
245 1 0 _aMy double unveiled
_h[electronic resource] :
_bthe dissipative quantum model of brain /
_cGiuseppe Vitiello.
260 _aAmsterdam ;
_aPhiladelphia :
_bJohn Benjamins Pub. Co.,
_c2001.
300 _axviii, 161 p. :
_bill.
490 1 _aAdvances in consciousness research ;
_vv. 32
504 _aIncludes bibliographical references (p. [147]-158) and index.
533 _aElectronic reproduction.
_bPalo Alto, Calif. :
_cebrary,
_d2013.
_nAvailable via World Wide Web.
_nAccess may be limited to ebrary affiliated libraries.
650 0 _aBrain
_xMathematical models.
650 0 _aQuantum theory.
650 0 _aConsciousness
_xMathematical models.
655 7 _aElectronic books.
_2local
710 2 _aebrary, Inc.
830 0 _aAdvances in consciousness research ;
_vv. 32.
856 4 0 _uhttp://site.ebrary.com/lib/rucke/Doc?id=5004969
_zAn electronic book accessible through the World Wide Web; click to view
999 _c1465
_d1465